| 000 | 00593nam a2200181 u 4500 | ||
|---|---|---|---|
| 001 | 000524770 | ||
| 003 | AM-YeHGA | ||
| 005 | 20250617135152.0 | ||
| 008 | 070306s1976 ||| r 000 0 rus d | ||
| 040 | _aAM-YeHGA | ||
| 041 | 0 | _arus | |
| 100 | 1 | _aПоликарпов, Сергей Иванович | |
| 245 | 1 | 0 |
_aЯсень : _bСтихи и поэма / _cСергей Поликарпов. |
| 260 |
_aМосква : _bМоск. рабочий, _c1976. |
||
| 300 |
_a95 с. : _b[1] л. портр. |
||
| 653 | 0 | _aРусская советская литература | |
| 090 | _c196335 | ||
| 999 |
_c194859 _d194859 |
||